| 000 | 02716cam a2200349 a 4500 | ||
|---|---|---|---|
| 003 | EG-GiCUC | ||
| 005 | 20250223032326.0 | ||
| 008 | 190713s2018 ua dho f m 000 0 eng d | ||
| 040 |
_aEG-GiCUC _beng _cEG-GiCUC |
||
| 041 | 0 | _aeng | |
| 049 | _aDeposite | ||
| 097 | _aM.Sc | ||
| 099 | _aCai01.24.12.M.Sc.2018.Eb.E | ||
| 100 | 0 | _aEbtesam Abdalla Elsaid Abdelatief | |
| 245 | 1 | 4 |
_aThe effect of temperature on the performance of rare-earth laser crystals / _cEbtesam Abdalla Elsaid Abdelatief ; Supervised Mohamed Atta Abdelhaliem , Gamal Ezzat Khalill , Ayman Aboelmagd |
| 246 | 1 | 5 | _aتأثير درجة الحرارة على أداء ليزر البلورات المطعم بالعناصر الارضية |
| 260 |
_aCairo : _bEbtesam Abdalla Elsaid Abdelatief , _c2018 |
||
| 300 |
_a63 P. : _bcharts , facsimiles ; _c25cm |
||
| 502 | _aThesis (M.Sc.) - Cairo University - National Institute of Laser - Department of Laser Sciences Interaction | ||
| 520 | _aAim of work: studying the some optical properties of Nd-YAG laser beam after and before heating . We started our study with investigation of the absorption of our crystal at room temperature. We used a compact Nd:YAG laser crystal in our laser system which consists of(pumping diode laser, collimating lens, dichroic mirror, Nd:YAG crystal, saturable absorber, Q-switching, KTP crystal, infrared filter,output coupler mirror, heater, power meter and spectrometer). Measurements were carried out for power and intensity of the emitted laser beam together with the input power. The spectrum and the power of the diode excitation source have been examined before carrying out the experiment. Temperature effect was examined using a small oven for heating the laser Nd: YAG laser compact system using high accuracy temperature controller. We measured the output laser power and spectrum profile of laser wavelength at532 nm and 536.1 nm "the second harmonic of 1064nm of Nd :YAG laser crystal at different temperatures"30- 65c".A relation we have obtained between temperature and laser power which reveals that we had an optimum output laser power at "35and 40c".The optimum spectrum was found at the same pervious degrees. We obtained the laser efficiency at different temperatures. the line width at half maximum changed from 2.6 nm to 3.6 nm | ||
| 530 | _aIssued also as CD | ||
| 653 | 4 | _aLaser crystals | |
| 653 | 4 | _aNd-YAG | |
| 653 | 4 | _aRare-earth | |
| 700 | 0 |
_aAyman Aboelmagd , _eSupervisor |
|
| 700 | 0 |
_aGamal Ezzat Khalill , _eSupervisor |
|
| 700 | 0 |
_aMohamed Atta Abdelhaliem , _eSupervisor |
|
| 856 | _uhttp://172.23.153.220/th.pdf | ||
| 905 |
_aNazla _eRevisor |
||
| 905 |
_aShimaa _eCataloger |
||
| 942 |
_2ddc _cTH |
||
| 999 |
_c72804 _d72804 |
||